000 00677nam a2200253Ia 4500
003 OSt
005 20221005083221.0
006 a|||||r|||| 00| 0
007 ta
008 221004b |||||||| |||| 00| 0 eng d
020 _a8185392358
024 _a41085
037 _cTextual
040 _aCRL
_cCRL
_beng
041 _2eng
_aeng
082 _aO111,1:g, N0
100 _aRichards I A
245 0 _aPractical criticism
_b A study of literary judgement
260 _aNew Delhi
_bUniversal India
_c1990
300 _axiii, 370p
_ccm.
650 _aENGLISH LITERATURE
942 _hO111,1:g, N0
_cTEXL
_2cc
999 _c990487
_d990487